书目信息 |
| 题名: |
施工现场专业配合及管理百问
|
|
| 作者: | 陈振海 , 陈琪 编著 | |
| 分册: | ||
| 出版信息: | 北京 中国建筑工业出版社 2001.9 |
|
| 页数: | 315页 | |
| 开本: | 20cm | |
| 丛书名: | ||
| 单 册: | ||
| 中图分类: | TU721-44 | |
| 科图分类: | ||
| 主题词: | 建筑工程--施工组织 , 建筑工程--施工计划 | |
| 电子资源: | ||
| ISBN: | 7-112-04655-6 | |
| 000 | 00694nam0 2200217 45 | |
| 001 | 0232007193 | |
| 005 | 2002041708532719 | |
| 010 | @a7-112-04655-6@dRMB 18.00 | |
| 100 | @a20020417d2001 km y0chiy0120 ea | |
| 101 | 0 | @achi |
| 102 | @aCN@b110000 | |
| 200 | 1 | @a施工现场专业配合及管理百问@Ashi gong xian chang zhuan ye pei he ji guan li bai wen@f陈振海,陈琪编著@FChen Zhen Hai,Chen Qi Bian Zhu |
| 210 | @a北京@c中国建筑工业出版社@d2001.9 | |
| 215 | @a315页@d20cm | |
| 606 | 0 | @a建筑工程@x施工组织 |
| 606 | 0 | @a建筑工程@x施工计划 |
| 690 | @aTU721-44@v3 | |
| 701 | 0 | @a陈振海@AChen Zhen Hai@4编著 |
| 701 | 0 | @a陈琪@AChen Qi@4编著 |
| 801 | 0 | @aCN@bPFT@c20020417 |
| 905 | @a10447@dTU721-44@eC652 | |
| 施工现场专业配合及管理百问/陈振海,陈琪编著.-北京:中国建筑工业出版社,2001.9 |
| 315页;20cm |
| ISBN 7-112-04655-6:RMB 18.00 |
| ● |
| 相关链接 |
|
|
|
正题名:施工现场专业配合及管理百问
索取号:TU721-44/C652
 
预约/预借
| 序号 | 登录号 | 条形码 | 馆藏地/架位号 | 状态 | 备注 |
| 1 | 355967 | 203559675 | 建筑库201/201建筑库 29排1列1层/ [索取号:TU721-44/C652] | 在馆 | |
| 2 | 355968 | 203559684 | 建筑库201/201建筑库 29排1列1层/ [索取号:TU721-44/C652] | 在馆 | |
| 3 | 355969 | 203559693 | 建筑库201/201建筑库 29排1列1层/ [索取号:TU721-44/C652] | 在馆 |